| 000 | 00717cab a2200217 4500 | ||
|---|---|---|---|
| 001 | WB3131-30 | ||
| 008 | 090401t1995 xxu||||| |||| 00| 0 eng d | ||
| 035 | _a(Sirsi) u51675 | ||
| 041 | _aeng | ||
| 245 | _aCapital Shopping Centres shows advance to £22m | ||
| 260 | _c1995 | ||
| 350 | _a0 | ||
| 490 |
_aFinancial Times _v8 August 1995, 16(1) |
||
| 520 | _aCapital Shopping Centres, which floated on the stock market last year, saw a 9% increase in net property income in the sixth months to the end of June. | ||
| 650 | _aCAPITAL SHOPPING CENTRES | ||
| 650 | _aMETROCENTRE | ||
| 650 | _aNET PROPERTY INCOME | ||
| 690 | _aPROPERTY-COMMERCIAL PROPERTY-RETAIL PROPERTY | ||
| 942 | _n0 | ||
| 948 | _c04/03/1997 | ||
| 999 |
_c32067 _d32067 |
||